MARC details
| 000 -LEADER |
| campo de control de longitud fija |
02505nam a2200397 i 4500 |
| 001 - NÚMERO DE CONTROL |
| campo de control |
193208 |
| 003 - IDENTIFICADOR DE NÚMERO DE CONTROL |
| campo de control |
SpMaBN |
| 005 - FECHA Y HORA DE LA ÚLTIMA TRANSACCIÓN |
| campo de control |
20250804062654.0 |
| 007 - CAMPO FIJO DE DESCRIPCIÓN FÍSICA--INFORMACIÓN GENERAL |
| campo de control de longitud fija |
ta |
| 008 - DATOS DE LONGITUD FIJA--INFORMACIÓN GENERAL |
| campo de control de longitud fija |
231004s2018 sp | |||| 000 f spa |
| 017 ## - NÚMERO DE COPYRIGHT O DE DEPÓSITO LEGAL |
| Número de copyright o de depósito legal |
B 23197-2018 |
| Agencia que asigna |
Oficina Depósito Legal Barcelona |
| 020 ## - NÚMERO INTERNACIONAL ESTÁNDAR DEL LIBRO |
| Número Internacional Estándar del Libro |
9788432234446 |
| 035 ## - NÚMERO DE CONTROL DEL SISTEMA |
| Número de control de sistema |
(OCoLC)1091709581 |
| 035 ## - NÚMERO DE CONTROL DEL SISTEMA |
| Número de control de sistema |
a6419155 |
| 040 ## - FUENTE DE CATALOGACIÓN |
| Centro catalogador/agencia de origen |
SpMaBN |
| Lengua de catalogación |
spa |
| Centro/agencia transcriptor |
SpMaBN |
| Normas de descripción |
rda |
| Centro/agencia modificador |
ES-MaACL |
| 080 ## - NÚMERO DE LA CLASIFICACIÓN DECIMAL UNIVERSAL |
| Número de la Clasificación Decimal Universal |
821.134.2-31"19" |
| 100 1# - ENTRADA PRINCIPAL--NOMBRE DE PERSONA |
| Nombre de persona |
Montero, Rosa, |
| Fechas asociadas al nombre |
1951- |
| Número de control del registro de autoridad o número normalizado |
XX968899 |
| Término indicativo de función/relación |
Autor |
| 9 (RLIN) |
82503 |
| 245 14 - MENCIÓN DEL TÍTULO |
| Título |
Los tiempos del odio : |
| Resto del título |
[sin amor no merece la pena vivir] / |
| Mención de responsabilidad, etc. |
Rosa Montero |
| 250 ## - MENCION DE EDICION |
| Mención de edición |
Primera edición: noviembre de 2018 |
| 264 #1 - PRODUCCIÓN, PUBLICACIÓN, DISTRIBUCIÓN, FABRICACIÓN Y COPYRIGHT |
| Producción, publicación, distribución, fabricación y copyright |
[Barcelona] : |
| Nombre del de productor, editor, distribuidor, fabricante |
Seix Barral, |
| Fecha de producción, publicación, distribución, fabricación o copyright |
2018 |
| 300 ## - DESCRIPCIÓN FÍSICA |
| Extensión |
399 páginas ; |
| Dimensiones |
23 cm |
| 336 ## - TIPO DE CONTENIDO |
| Término de tipo de contenido |
Texto |
| Fuente |
rdacontent |
| 337 ## - TIPO DE MEDIO |
| Nombre/término del tipo de medio |
sin mediación |
| Fuente |
rdamedia |
| 338 ## - TIPO DE SOPORTE |
| Nombre/término del tipo de soporte |
volumen |
| Fuente |
rdacarrier |
| 490 1# - MENCIÓN DE SERIE |
| Mención de serie |
Biblioteca furtiva |
| 530 ## - NOTA DISPONIBLE DE FORMULARIO FÍSICO ADICIONAL |
| Materiales especificados |
Independiente, poco sociable, intuitiva y poderosa, la detective replicante Bruna Husky sólo tiene un punto vulnerable: su gran corazón. Cuando el inspector Lizard desaparece sin dejar rastro, la detective se lanza a una búsqueda desesperada y contrarreloj del policía. Su investigación la lleva a una colonia remota de Nuevos Antiguos, una secta que reniega de la tecnología, así como a rastrear los orígenes de una oscura trama de poder que se remonta al siglo xvi. Mientras tanto, la situación del mundo se hace más y más convulsa, la crispación populista aumenta y la guerra civil parece inevitable.<br/>Bruna tendrá que hacer frente a su mayor temor, la muerte, en una historia que es un certero y deslumbrante retrato de los tiempos en que vivimos.<br/>Los tiempos del odio es una novela intensa y de acción trepidante, en la que están presentes los grandes temas de Rosa Montero: el paso del tiempo, la necesidad de los otros para que la vida merezca la pena, la pasión como rebelión frente a la muerte, los excesos del poder y el horror de los dogmas. |
| 655 #0 - TERMINO DE INDIZACIÓN--GENERO/FORMA |
| Datos o término principal de género/forma |
Novelas |
| 9 (RLIN) |
234319 |
| 830 ## - PUNTO DE ACCESO ADICIONAL DE SERIE-TÍTULO UNIFORME |
| 9 (RLIN) |
224604 |
| Título uniforme |
Biblioteca furtiva |
| 852 ## - LOCALIZACIÓN |
| Ubicación |
ES-MaACL |
| Sublocalización o colección |
R.154573 |
| itemnumber |
200589 |
| Número de control de estantería |
N-9395 |
| Ubicación en estantería |
Depósito J |
| Marcas de propiedad |
Donación: Rosa Montero |
| Anotaciones manuscritas |
Dedicatoria autógrafa de la autora |
| Encuadernación |
Encuadernación rústica con solapas (incluye faja) |
| 903 ## - NOMBRE PERSONAL DE DONANTE |
| a |
Montero, Rosa, |
| d |
1951- |
| e |
Donante |
| 9 |
82503 |
| 942 ## - ELEMENTOS DE ENTRADA SECUNDARIOS (KOHA) |
| Suprimir en OPAC |
No |
| Tipo de ítem Koha |
Libro impreso |